Η σφαγή του πολυτεχνείου : η μεγάλη δίκη
Αποθηκεύτηκε σε:
| Κύριος συγγραφέας: | |
|---|---|
| Άλλοι συγγραφείς: | |
| Μορφή: | Βιβλίο |
| Γλώσσα: | Greek |
| Δημοσίευση: |
Αθήνα :
Αλκαίος,
[197-?].
|
| Θέματα: | |
| Ετικέτες: |
Προσθήκη ετικέτας
Δεν υπάρχουν, Καταχωρήστε ετικέτα πρώτοι!
|
MARC
| LEADER | 00000cam a2200000 i 4500 | ||
|---|---|---|---|
| 001 | 1/2827 | ||
| 008 | 100108q197u gr | ||| |||| ||gre|| | ||
| 035 | |l 10106159 | ||
| 040 | |a GR-MyUA |b gre |e AACR2 | ||
| 041 | 0 | |a gre | |
| 082 | 0 | |a 938.79 |2 (22) | |
| 100 | 1 | |a Καρατζαφέρης, Σπύρος. | |
| 245 | 1 | 2 | |a Η σφαγή του πολυτεχνείου : |b η μεγάλη δίκη / |c Σπύρος Καρατζαφέρης ; προλογίζει Παναγιώτης Κανελλόπουλος. |
| 260 | |a Αθήνα : |b Αλκαίος, |c [197-?]. | ||
| 300 | |a 2 τ. : |b φωτ. ; |c 25 εκ. | ||
| 650 | 0 | 0 | |a Trials (Political Crimes and offenses) |z Greece. |
| 650 | 0 | 0 | |a Student movements |z Greece |x History. |
| 700 | 1 | |a Κανελλόπουλος, Παναγιώτης Κ., |d 1902-1986, |e aui | |
| 852 | |a INST |b SAMOS |e 20100108 |h 938.79 ΚΑΡ |p 005300030939 |q 005300030939 |t BK |y 0 |z τ.1 | ||
| 852 | |a INST |b SAMOS |e 20100108 |h 938.79 ΚΑΡ |p 005300030940 |q 005300030940 |t BK |y 0 |z τ.2 | ||
| 852 | |a INST |b SAMOS |e 20100108 |h 938.79 ΚΑΡ |p 005300030939 |q 005300030939 |t BK |v τ.1: |y 0 |z τ.1 | ||
| 852 | |a INST |b SAMOS |e 20100108 |h 938.79 ΚΑΡ |p 005300030940 |q 005300030940 |t BK |v τ.2: |y 0 |z τ.2 | ||
| 853 | |a INST |b SAMOS |h 938.79 ΚΑΡ | ||
| 901 | |a BIBL3-2010-1 | ||
| 909 | |a Σ |b 158458 | ||
| 909 | |a Σ |b 158457 | ||
| 970 | |a ΣΙΤΖΙΜΗ |b ΓΙΑΣΕΜΗ |z 2010/01/08 | ||